000 00487nam a2200193Ia 4500
005 20250923144430.0
008 008 250917s9999 xx 000 0 eng d
037 _aTextual
040 _aDSWL
_beng
_cDSWL
041 _aeng
_2eng
084 _aY12, J0
_qDSWL
100 _aLevy, John
_9824830
245 4 _aThe happy family
_cby John Levy
260 _c1950
300 _a319 p.
700 _aR Munroe
_9824831
942 _cTEXL
_hY12, J0
999 _c1438822
_d1438822